Madhyakalin Bharat me itihas lekhan, dharm aur rajya ka swaroop (Record no. 1430137)
[ view plain ]
| 000 -LEADER | |
|---|---|
| fixed length control field | 00653nam a2200193Ia 4500 |
| 005 - DATE AND TIME OF LATEST TRANSACTION | |
| control field | 20250618170400.0 |
| 008 - FIXED-LENGTH DATA ELEMENTS--GENERAL INFORMATION | |
| fixed length control field | 008 250516s9999 xx 000 0 hin d |
| 020 ## - INTERNATIONAL STANDARD BOOK NUMBER | |
| International Standard Book Number | 9788179171165 |
| 040 ## - CATALOGING SOURCE | |
| Language of cataloging | eng |
| Transcribing agency | SDCL |
| 041 ## - LANGUAGE CODE | |
| Language code of text/sound track or separate title | hin |
| Source of code | hin |
| 084 ## - COLON CLASSIFICATION NUMBER | |
| Classification number | V2'L N9 |
| 100 ## - MAIN ENTRY--PERSONAL NAME | |
| Personal name | Satishchandra |
| 245 #0 - TITLE STATEMENT | |
| Title | Madhyakalin Bharat me itihas lekhan, dharm aur rajya ka swaroop |
| 246 ## - VARYING FORM OF TITLE | |
| Title proper/short title | मध्यकालीन भारत एम् इतिहास लेखन धर्म और राज्य का स्वरुप |
| 260 ## - PUBLICATION, DISTRIBUTION, ETC. | |
| Place of publication, distribution, etc. | New Delhi : |
| Name of publisher, distributor, etc. | Granth Shilpi, |
| Date of publication, distribution, etc. | 1999. |
| 300 ## - PHYSICAL DESCRIPTION | |
| Extent | 192p. |
| 650 ## - SUBJECT ADDED ENTRY--TOPICAL TERM | |
| Topical term or geographic name entry element | History |
| 942 ## - ADDED ENTRY ELEMENTS (KOHA) | |
| Koha item type | Textual |
| Source of classification or shelving scheme | Colon Classification (CC) |
| 100 ## - MAIN ENTRY--PERSONAL NAME | |
| -- | 813146 |
| 999 ## - | |
| -- | 1430137 |
| -- | 1430137 |
| Withdrawn status | Lost status | Damaged status | Not for loan | Home library | Current library | Date acquired | Source of acquisition | Inventory number | Total checkouts | Full call number | Barcode | Date last seen | Price effective from | Koha item type |
|---|---|---|---|---|---|---|---|---|---|---|---|---|---|---|
| South Campus Library | South Campus Library | 2025-05-22 | Rajkamal Prakashan Pvt.Ltd. | BR/14881, 01/02/2025 | V2'L, N9 | SC1808897 | 2025-05-22 | 2025-05-22 | Textual |
